| 000 | 00394nam a22001577a 4500 | ||
|---|---|---|---|
| 003 | OSt | ||
| 005 | 20211011141825.0 | ||
| 008 | 211011b |||||||| |||| 00| 0 eng d | ||
| 040 | _cHawassa University | ||
| 050 | _a616.692/JON | ||
| 082 | _a616.692/JON | ||
| 100 |
_aJones Maggis _912347 |
||
| 245 | _aTrying to Have a Baby? | ||
| 260 |
_aLondon _bSheldon Press _c1986 |
||
| 942 |
_2ddc _cBOOKS _n0 |
||
| 999 |
_c11438 _d11438 |
||